Every UFC Trilogy - Statistics

General Stats
  • This quiz has been taken 109 times
    99 since last reset
  • The average score is 18 of 36
Answer Stats
Division(s) First Fight Last Fight Answer % Correct
M-155/M-145 UFC 178 UFC 264 Dustin Poirier
93%
M-155/M-145 UFC 143 UFC 318 Dustin Poirier
93%
M-145 UFC 245 UFC 276 Max Holloway
92%
M-155/M-145 UFC 143 UFC 318 Max Holloway
92%
M-155/M-145 UFC 178 UFC 264 Conor McGregor
88%
M-145 UFC 245 UFC 276 Alexander Volkanovski
83%
M-125 UFC 256 UFC 283 Brandon Moreno
72%
M-265 UFC 226 UFC 252 Daniel Cormier
70%
M-125 UFC 256 UFC 283 Deiveson Figueiredo
69%
M-265 UFC 226 UFC 252 Stipe Miocic
66%
M-265/M-205 UFC 15 UFC 49 Randy Couture
56%
M-205 UFC 43 UFC 57 Randy Couture
56%
M-205 UFC 43 UFC 57 Chuck Liddell
55%
M-170 UFC 50 UFC 79 Georges St-Pierre
52%
M-205 UFC 40 UFC FN 6.5 Tito Ortiz
52%
M-205 UFC 59 UFC 149 Tito Ortiz
52%
M-170 UFC 50 UFC 79 Matt Hughes
51%
M-170 UFC 46 UFC 123 Matt Hughes
51%
M-170 UFC FN: dos Anjos v. Cowboy 2 UFC 286 Kamaru Usman
48%
W-125 UFC 285 UFC 306 Valentina Shevchenko
48%
M-170 UFC FN: dos Anjos v. Cowboy 2 UFC 286 Leon Edwards
47%
W-125 UFC 285 UFC 306 Alexa Grasso
42%
M-155 UFC 112 Ultimate Fighter 19 Finale B.J. Penn
41%
M-170 UFC 46 UFC 123 B.J. Penn
41%
M-205 UFC 40 UFC FN 6.5 Ken Shamrock
40%
M-265 UFC on Fox 1 UFC 166 Cain Velasquez
33%
M-155 UFC FN: Florian vs. Lauzon UFC 136 Frankie Edgar
31%
M-155 UFC 112 Ultimate Fighter 19 Finale Frankie Edgar
31%
M-265 UFC on Fox 1 UFC 166 Junior Dos Santos
31%
M-265 UFC 51 UFC 61 Andrei Arlovski
28%
M-155 UFC FN: Florian vs. Lauzon UFC 136 Gray Maynard
26%
M-265 UFC 51 UFC 61 Tim Sylvia
24%
M-155/M-145 UFC Live: Kongo vs. Barry UFC FN: dos Anjos vs. Lee Charles Oliveira
17%
M-205 UFC 59 UFC 149 Forrest Griffin
16%
M-265/M-205 UFC 15 UFC 49 Vitor Belfort
15%
M-155/M-145 UFC Live: Kongo vs. Barry UFC FN: dos Anjos vs. Lee Nik Lentz
7%
No matching quizzes found
Score Distribution
Percent of People with Each Score
Percentile by Number Answered
Your Score History
You have not taken this quiz since the last reset